Statistics for Indiana Pacers Top 10 Leaders

Click here to take the quiz!

General Stats

  • This quiz has been taken 152 times
    (128 since last reset)
  • The average score is 10 of 27

Answer Stats

Answer% Correct
Reggie Miller
99%
Paul George
91%
Jermaine O'Neal
74%
Rik Smits
69%
Mark Jackson
67%
Roy Hibbert
60%
Danny Granger
57%
Dale Davis
55%
Myles Turner
47%
Clemon Johnson
43%
Herb Williams
41%
Jamaal Tinsley
31%
Mel Daniels
28%
George McGinnis
28%
Roger Brown
26%
Chuck Person
26%
Billy Knight
22%
Vern Fleming
19%
Jeff Foster
16%
Freddie Lewis
16%
Derrick McKey
16%
Don Buse
13%
Travis Best
13%
Darnell Hillman
9%
Bill Keller
8%
Bob Netolicky
7%
Len Elmore
3%

Score Distribution

Percentile by Number Answered

Percent of People with Each Score

Your Score History

You have not taken this quiz since the last reset